000 01079cam a2200301 a 4500
001 13504039
003 20170406115407.0
005 20240606081033.0
008 040227s2005 maua b 001 0 eng
010 _a 2004045098
020 _a0321228235
040 _aDLC
_cDLC
_dDLC
050 0 0 _aQA37.3
_b.L54 2005
082 0 0 _a510
_222
100 1 _aLial, Margaret L.
245 1 0 _aFinite mathematics and calculus with applications.
250 _a7th ed. /
_bMargaret L. Lial, Raymond N. Greenwell, Nathan P. Ritchey.
260 _aBoston :
_bPearson Addison Wesley,
_cc2005.
300 _axlix, 1080, 67, 10 p. :
_bill. (some col.) ;
_c26 cm.
504 _aIncludes bibliographical references and index.
650 0 _aMathematics.
650 0 _aCalculus.
700 1 _aGreenwell, Raymond N.
700 1 _aRitchey, Nathan P.
906 _a7
_bcbc
_corignew
_d1
_eocip
_f20
_gy-gencatlg
942 _2lcc
_cBK
999 _c7314
_d7314